Quê ngoại Tuyển tập thơ

Đây là một trong các tuyển tập của bộ sách về thơ mới. Đầu những năm 30 của thế kỷ XX, trong văn hóa Việt Nam xuất hiện một loạt nhà thơ mới, với cá tính sáng tác độc đáo cùng những tác phẩm đặc sắc. Đó là phong trào thơ mới, một d...

全面介绍

Đã lưu trong:
书目详细资料
主要作者: Hồ Dzếnh (1916 - 13/08/1991)
格式: 图书
语言:Undetermined
出版: Hà Nội Hội Nhà Văn 1995
主题:
标签: 添加标签
没有标签, 成为第一个标记此记录!
Thư viện lưu trữ: Trung tâm Học liệu Trường Đại học Cần Thơ
LEADER 01161nam a2200193Ia 4500
001 CTU_22395
008 210402s9999 xx 000 0 und d
082 |a 895.922131 
082 |b D610 
100 |a Hồ Dzếnh (1916 - 13/08/1991) 
245 0 |a Quê ngoại 
245 0 |b Tuyển tập thơ 
245 0 |c Hồ Dzếnh (1916 - 13/08/1991) 
260 |a Hà Nội 
260 |b Hội Nhà Văn 
260 |c 1995 
520 |a Đây là một trong các tuyển tập của bộ sách về thơ mới. Đầu những năm 30 của thế kỷ XX, trong văn hóa Việt Nam xuất hiện một loạt nhà thơ mới, với cá tính sáng tác độc đáo cùng những tác phẩm đặc sắc. Đó là phong trào thơ mới, một dấu son đậm trong thời kỳ phát triển của thơ ca và văn học tiếng Việt, và cũng là một trong những thành tựu của văn học Việt Nam 
650 |a vietnamese poetry - 1930-1945,vietnamese poetry - 20th century 
980 |a Trung tâm Học liệu Trường Đại học Cần Thơ